| 000 | 00469nam a2200169Ia 4500 | ||
|---|---|---|---|
| 008 | 230917s9999||||xx |||||||||||||| ||und|| | ||
| 020 | _cGBP120 | ||
| 040 |
_e258676 _aMAIN |
||
| 041 | _aEnglish | ||
| 082 | _a583.766 H396G | ||
| 100 | _aHenry, Robert, ed. | ||
| 245 | 0 | _aGenetics, genomics and breeding of eucalypts | |
| 260 |
_aBoca Raton _bCRC Press _c2014 |
||
| 300 | _axvii, 188 p. | ||
| 500 | _a3683 22/10/2019 RBP19/77346 08/11/2019 Main Budget | ||
| 942 | _cBK | ||
| 999 |
_c33443 _d33443 |
||